| 000 | 00606nam a2200217Ia 4500 | ||
|---|---|---|---|
| 005 | 20250326144321.0 | ||
| 008 | 250326s9999 xx 000 0 und d | ||
| 020 | _a978-0-387-77826-6 | ||
| 037 | _aTextbook | ||
| 040 |
_aFMSL _beng _cFMSL |
||
| 041 |
_aeng _2eng |
||
| 084 |
_aB28obX64 P8 _qFMSL |
||
| 100 | _aLai Tze Leung | ||
| 245 | 0 |
_aStatistical models and method for ficial market _cLai Tze Leung |
|
| 260 |
_aUSA _bUSA, Springer _c2008 |
||
| 300 | _axx,354 | ||
| 365 | _b4862.924 | ||
| 650 |
_aHealth Care _9239808 |
||
| 942 |
_cTB _hB28obX64 P8 |
||
| 999 |
_c1303278 _d1303278 |
||